| 000 | 00745nam a2200253Ia 4500 | ||
|---|---|---|---|
| 003 | OSt | ||
| 005 | 20220927104108.0 | ||
| 006 | a|||||r|||| 00| 0 | ||
| 007 | ta | ||
| 008 | 220926b |||||||| |||| 00| 0 eng d | ||
| 024 | _a86438 | ||
| 037 | _cReference Collections | ||
| 040 |
_aRTL _cRTL _beng |
||
| 041 |
_2eng _aeng |
||
| 082 | _a"Y:5:5(Y).1.N8, M5/UN" | ||
| 110 |
_aUNITED NATION IESA _9363482 |
||
| 245 | 0 | _aStuides to enhance the evaluation of family planni | |
| 260 |
_aNew _bYork UN _c1985 |
||
| 300 |
_a"xiv,246p" _ccm. |
||
| 650 |
_aDemography _9363483 |
||
| 700 |
_aUNITED NATION IESA _9363484 |
||
| 942 |
_h"Y:5:5(Y).1.N8, M5/UN" _cCC |
||
| 999 |
_c685755 _d685755 |
||